LEADER 01103nam0-2200373-i-450- 001 990005276770403321 005 20110414142925.0 035 $a000527677 035 $aFED01000527677 035 $a(Aleph)000527677FED01 035 $a000527677 100 $a19990604d1966----km-y0itay50------ba 101 1 $aita$cger 102 $aIT 105 $ay---z---001yy 200 1 $a<>processo di Gesł$fJosef Blinzler$gtraduzione di M. A. Colao Pellizzari 210 $aBrescia$cPaideia$d©1966 215 $a472 p.$d21 cm 225 1 $aBiblioteca di cultura religiosa$v6 300 $aTit. orig.: Der Prozess Jesus 610 0 $aGESU CRISTO$aProcesso 676 $a232.962$v21$zita 700 1$aBlinzler,$bJosef$f<1910- >$0187288 702 1$aColao Pellizzari,$bM.A. 801 0$aIT$bUNINA$gRICA$2UNIMARC 901 $aBK 912 $a990005276770403321 952 $a232.962 BLI 1$bIst.St.Rel.404$fFLFBC 952 $a232.962 BLI 1 BIS$bBibl.56457$fFLFBC 952 $aDDR-XXV B 021.1$fDDR 959 $aFLFBC 959 $aDDR 996 $aProcesso di Gesł$9298966 997 $aUNINA LEADER 01015nam0-2200313 --450 001 9910335860403321 005 20201013103255.0 010 $a978-88-15-25836-6 020 $aIT$b2016-394 100 $a20190909d2015----kmuy0itay5050 ba 101 $aita 102 $aIT 105 $a 001yy 200 1 $a<>fenomeno fondamentale dello sviluppo economico$edue capitoli dalla Theorie der wirtschaftlichen Entwicklung (1911)$fJoseph A. Schumpeter$ga cura di Adelino Zanini 210 $aBologna$cIl mulino$d2015 215 $a200 p.$d22 cm 225 1 $aPercorsi. Scienza politica 300 $aTraduzione di A. Zanini 610 0 $aSviluppo economico 676 $a339.5$v23 700 1$aSchumpeter,$bJoseph A.$050457 702 1$aZanini,$bAdelino 801 0$aIT$bUNINA$gREICAT$2UNIMARC 901 $aBK 912 $a9910335860403321 952 $a339.5 SCH 2015$binserire inventario$fSES 959 $aSES 996 $aFenomeno fondamentale dello sviluppo economico$91387902 997 $aUNINA